[Event "N֖ Landesliga 2015/16"]
[Site "?"]
[Date "2015.10.04"]
[Round "2.3"]
[White "Lampl, Gerald"]
[Black "Teuber, Andreas"]
[Result "1/2-1/2"]
[WhiteElo "2118"]
[BlackElo "2208"]
[PlyCount "20"]
[EventDate "2015.09.27"]

1. d4 d5 2. c4 e6 3. Nf3 Nf6 4. g3 Be7 5. Bg2 O-O 6. O-O dxc4 7. Qc2 a6 8. a4
Nc6 9. Rd1 Nb4 10. Qxc4 c5 1/2-1/2

[Event "N֖ Landesliga 2015/16"]
[Site "?"]
[Date "2015.10.04"]
[Round "2.4"]
[White "Rumpl, Erwin"]
[Black "Matt, Fabian"]
[Result "0-1"]
[WhiteElo "2351"]
[BlackElo "2258"]
[PlyCount "60"]
[EventDate "2015.09.27"]

1. Nf3 Nf6 2. g3 c5 3. Bg2 Nc6 4. O-O g6 5. c4 Bg7 6. d4 cxd4 7. Nxd4 O-O 8.
Nc3 a6 9. Nxc6 bxc6 10. e4 Rb8 11. Qe2 d6 12. e5 dxe5 13. Qxe5 Be6 14. Qe2 Qa5
15. Bxc6 Rfc8 16. Bd5 Nxd5 17. cxd5 Bxd5 18. Nxd5 Qxd5 19. Qxa6 Rc2 20. Bf4
Rbxb2 21. Rac1 Rxa2 22. Qb6 Bd4 23. Qb8+ Kg7 24. Rxc2 Rxc2 25. Qb1 Qe4 26. Qd1
Re2 27. Bd2 e5 28. Qc1 h5 29. h4 Qf3 30. Bh6+ Kh7 0-1

[Event "N֖ Landesliga 2015/16"]
[Site "?"]
[Date "2015.10.04"]
[Round "2.4"]
[White "Schmidrathner, Christian"]
[Black "Wadsack, Winfried"]
[Result "1-0"]
[WhiteElo "2093"]
[BlackElo "2137"]
[PlyCount "59"]
[EventDate "2015.09.27"]

1. e4 d5 2. exd5 Nf6 3. d4 Nxd5 4. c4 Nb6 5. Nf3 g6 6. c5 Nd5 7. Bc4 Bg7 8. Qb3
e6 9. Nc3 O-O 10. Nxd5 exd5 11. Bxd5 c6 12. Bc4 b5 13. cxb6 axb6 14. Be3 b5 15.
Be2 Be6 16. Qc2 Bxa2 17. O-O Qd5 18. Nd2 Na6 19. Bf3 Nb4 20. Bxd5 Nxc2 21. Bxc6
Nxa1 22. Bxa8 Nc2 23. Bc6 b4 24. Nf3 Bc4 25. Rc1 b3 26. Nd2 Be6 27. d5 Bxb2 28.
Rb1 Bc3 29. dxe6 Nxe3 30. e7 1-0

[Event "N֖ Landesliga 2015/16"]
[Site "?"]
[Date "2015.10.04"]
[Round "2.4"]
[White "Wadsack, Wolfgang"]
[Black "Fr�wis, Annika"]
[Result "1-0"]
[WhiteElo "2153"]
[BlackElo "2083"]
[PlyCount "75"]
[EventDate "2015.09.27"]

1. e4 e5 2. Nc3 Nc6 3. Nf3 Nf6 4. d4 exd4 5. Nxd4 Bb4 6. Nxc6 bxc6 7. Bd3 O-O
8. O-O d5 9. exd5 cxd5 10. Bg5 c6 11. Qf3 Be7 12. Rae1 Rb8 13. Nd1 Re8 14. h3
Be6 15. b3 h6 16. Bf4 Rb4 17. Re2 c5 18. c3 Rb7 19. Rfe1 a5 20. Be5 Nd7 21. Bg3
Nf8 22. Ne3 Qd7 23. Nf5 Nh7 24. c4 Nf6 25. cxd5 Qxd5 26. Qxd5 Nxd5 27. Nxe7+
Rexe7 28. Rc1 Nb4 29. Be4 Rb6 30. Rxc5 a4 31. bxa4 Nxa2 32. Rxa2 f5 33. Bd5
Rb1+ 34. Kh2 Bxd5 35. Rxd5 Ree1 36. Be5 g5 37. Rb2 Rbc1 38. Rb7 1-0

[Event "N֖ Landesliga 2015/16"]
[Site "?"]
[Date "2015.10.04"]
[Round "2.4"]
[White "Wetscherek, Gerhard"]
[Black "Kreischer, Georg"]
[Result "1-0"]
[WhiteElo "2108"]
[BlackElo "2123"]
[PlyCount "71"]
[EventDate "2015.09.27"]

1. e4 e5 2. Nf3 Nc6 3. Bc4 d6 4. c3 Be7 5. d4 Nf6 6. d5 Nb8 7. Bd3 O-O 8. h3
Nbd7 9. Be3 b6 10. Nbd2 Ne8 11. b4 g6 12. g4 Ng7 13. Bh6 Nf6 14. a4 Bd7 15. Qe2
Nfe8 16. a5 f6 17. b5 Rf7 18. Rg1 Qc8 19. a6 f5 20. gxf5 gxf5 21. O-O-O f4 22.
Rg2 Bf8 23. Rdg1 Qd8 24. Bg5 Be7 25. Bh6 Bf8 26. Bg5 Qc8 27. Bh6 Qd8 28. h4 Qe7
29. h5 Kh8 30. Bg5 Nf6 31. h6 Ngh5 32. Nh4 Qe8 33. Ndf3 Be7 34. Bxf6+ Nxf6 35.
Bc4 Nxe4 36. Qxe4 1-0

[Event "N֖ Landesliga 2015/16"]
[Site "?"]
[Date "2015.10.04"]
[Round "2.5"]
[White "Hellmayr, Alois"]
[Black "Menezes, Christoph"]
[Result "1/2-1/2"]
[WhiteElo "2234"]
[BlackElo "2291"]
[PlyCount "185"]
[EventDate "2015.09.27"]

1. Nf3 Nf6 2. g3 b6 3. b3 g6 4. Bb2 Bg7 5. Bg2 Bb7 6. c4 O-O 7. O-O c5 8. Nc3
d5 9. Nxd5 Nxd5 10. Bxg7 Ne3 11. dxe3 Kxg7 12. Qxd8 Rxd8 13. Rfd1 Na6 14. Ne1
Bxg2 15. Kxg2 Kf6 16. Nc2 Nc7 17. Rd3 Rd6 18. Rad1 Ke6 19. e4 b5 20. Ne3 Rxd3
21. Rxd3 Rb8 22. f4 bxc4 23. Nxc4 Nb5 24. g4 f6 25. e3 Nd6 26. f5+ gxf5 27.
exf5+ Kd7 28. e4 Kc6 29. Nxd6 exd6 30. Rc3 a5 31. Rc4 Kb5 32. Kf3 h6 33. h4 Kc6
34. g5 hxg5 35. hxg5 fxg5 36. Kg4 Kd7 37. Kxg5 Ke7 38. Ra4 Ra8 39. Rc4 Rg8+ 40.
Kf4 Kf6 41. Rc2 Rg1 42. Rd2 Rf1+ 43. Ke3 Re1+ 44. Kf3 Ke7 45. Rh2 Rf1+ 46. Ke3
Ra1 47. Kd3 Rd1+ 48. Rd2 Rf1 49. Re2 Kf6 50. Rh2 Rd1+ 51. Kc3 Ke5 52. Rd2 Rc1+
53. Kb2 Rf1 54. Ka3 Kxe4 55. Rxd6 Rxf5 56. Ka4 Rf2 57. a3 Rb2 58. Rd8 Ke5 59.
Ra8 Kd5 60. Rxa5 Kc6 61. Ra8 Ra2 62. Ra6+ Kb7 63. Kb5 Rc2 64. Rb6+ Ka7 65. Rh6
Rc3 66. Rh7+ Kb8 67. b4 cxb4 68. axb4 Rc8 69. Kb6 Rg8 70. Rh6 Rf8 71. b5 Rg8
72. Ka6 Rf8 73. Rb6+ Ka8 74. Rb7 Rf6+ 75. Rb6 Rf8 76. Rg6 Kb8 77. Rg7 Rf6+ 78.
b6 Rf8 79. Rg6 Rh8 80. Rg7 Rf8 81. Rb7+ Ka8 82. Rc7 Kb8 83. Rc6 Rf1 84. Rc5
Ra1+ 85. Kb5 Rg1 86. Rd5 Rb1+ 87. Kc6 Rc1+ 88. Rc5 Rxc5+ 89. Kxc5 Kb7 90. Kb5
Kb8 91. Kc6 Kc8 92. b7+ Kb8 93. Kb6 1/2-1/2

[Event "N֖ Landesliga 2015/16"]
[Site "?"]
[Date "2015.10.04"]
[Round "2.5"]
[White "Ehs, Dominik"]
[Black "Danner, Lambert"]
[Result "1/2-1/2"]
[WhiteElo "2061"]
[BlackElo "2110"]
[PlyCount "95"]
[EventDate "2015.09.27"]

1. e4 d6 2. d4 Nf6 3. Nc3 e5 4. dxe5 dxe5 5. Qxd8+ Kxd8 6. Nf3 Bd6 7. Bg5 Be6
8. O-O-O Nbd7 9. Bb5 h6 10. Bxd7 Bxd7 11. Bh4 g5 12. Bg3 Re8 13. Rhe1 Kc8 14.
h4 g4 15. Nd2 b5 16. Nf1 b4 17. Nd5 Nxd5 18. Rxd5 Be6 19. Rd2 a5 20. Ne3 f6 21.
Nd5 Bxd5 22. Rxd5 h5 23. Red1 Kd7 24. Kd2 c6 25. Rd3 Ke6 26. Ke2 Rad8 27. f3
Rg8 28. Bf2 gxf3+ 29. gxf3 Bc7 30. Rxd8 Bxd8 31. Rg1 Rxg1 32. Bxg1 f5 33. Bf2
fxe4 34. fxe4 Kd6 35. Kd3 c5 36. c3 Kc6 37. cxb4 cxb4 38. Kc4 Be7 39. Bg3 Bd6
40. Bh2 Bc7 41. a3 bxa3 42. bxa3 Bd8 43. Bg3 Be7 44. a4 Bd6 45. Be1 Bc7 46. Bf2
Bd8 47. Be1 Bc7 48. Bf2 1/2-1/2

[Event "N֖ Landesliga 2015/16"]
[Site "?"]
[Date "2015.10.04"]
[Round "2.5"]
[White "Lovrinovic, Christian"]
[Black "Eder, Andreas"]
[Result "0-1"]
[WhiteElo "2121"]
[BlackElo "2028"]
[PlyCount "102"]
[EventDate "2015.09.27"]

1. d4 d5 2. c4 dxc4 3. e3 c5 4. Bxc4 cxd4 5. exd4 Nf6 6. Nc3 e6 7. Nf3 Bb4 8.
O-O O-O 9. Bg5 Nbd7 10. a3 Bxc3 11. bxc3 Qc7 12. Qe2 b6 13. Rac1 Bb7 14. Bd3
Rfe8 15. Rfe1 Qd6 16. Ne5 Nxe5 17. dxe5 Qd5 18. f3 Rec8 19. Bh4 Ne8 20. Be4 Qd7
21. Bb1 Qa4 22. Bf2 Qxa3 23. Qc2 g6 24. h4 Ng7 25. Red1 Bd5 26. Rd4 Rc7 27. Qd2
Qe7 28. Be3 Rc4 29. Rxc4 Bxc4 30. Qd4 b5 31. Bg5 Qc7 32. Be4 Rc8 33. Ra1 a5 34.
g4 h6 35. Bxh6 Rd8 36. Qe3 a4 37. Kg2 Bd5 38. Bg5 Rd7 39. h5 gxh5 40. Bf6 Bxe4
41. Qxe4 Qxc3 42. Qa8+ Kh7 43. Rh1 Qc2+ 44. Kg3 Rd2 45. Rg1 Rh2 46. Qa7 h4+ 47.
Kf4 Qd2+ 48. Qe3 Qxe3+ 49. Kxe3 a3 50. Ra1 a2 51. Kd4 h3 0-1

[Event "N֖ Landesliga 2015/16"]
[Site "?"]
[Date "2015.10.04"]
[Round "2.5"]
[White "Steiner, Heinz"]
[Black "Ebner, Johann"]
[Result "1-0"]
[WhiteElo "2125"]
[BlackElo "2071"]
[PlyCount "91"]
[EventDate "2015.09.27"]

1. c4 e6 2. d4 Nf6 3. Nc3 Bb4 4. e3 b6 5. Nge2 Bb7 6. a3 Be7 7. d5 e5 8. e4 d6
9. Ng3 a5 10. Be2 Na6 11. O-O Nc5 12. f4 Nfd7 13. Be3 O-O 14. Qc2 exf4 15. Bxf4
Ne5 16. b4 Ncd7 17. Nb5 Ng6 18. Be3 Bf6 19. Rac1 Be5 20. Nf5 axb4 21. axb4 Nh4
22. Bd4 Nxf5 23. exf5 f6 24. Bf2 c6 25. dxc6 Bxc6 26. Qb3 Bxb5 27. cxb5+ Kh8
28. Bf3 Rc8 29. Bc6 Rb8 30. Rfd1 Qe7 31. g3 Rbd8 32. Qd5 g6 33. fxg6 hxg6 34.
Rc4 Kg7 35. Re1 Qf7 36. Qd3 f5 37. Bd5 Qe7 38. Rc7 Rc8 39. Rec1 Rxc7 40. Rxc7
Kf6 41. Bc6 Rd8 42. Bxb6 Qe6 43. Bd5 Qe8 44. Be3 Nb8 45. Qc4 g5 46. Bxg5+ 1-0

[Event "N֖ Landesliga 2015/16"]
[Site "?"]
[Date "2015.11.08"]
[Round "3.1"]
[White "Weiss, Christian"]
[Black "Sandh�fner, Florian"]
[Result "1/2-1/2"]
[WhiteElo "2381"]
[BlackElo "2301"]
[PlyCount "123"]
[EventDate "2015.09.27"]

1. e4 c5 2. d3 Nc6 3. g3 d5 4. Nc3 Nf6 5. Bg2 e6 6. Nh3 Be7 7. O-O O-O 8. f4
dxe4 9. dxe4 Qxd1 10. Nxd1 Rd8 11. c3 e5 12. Nhf2 b6 13. Ne3 Bb7 14. Re1 exf4
15. gxf4 Na5 16. b3 Bf8 17. c4 Re8 18. e5 Bxg2 19. Kxg2 Nh5 20. Nd5 Rad8 21.
Ne4 Nc6 22. Ng3 Nxg3 23. hxg3 f6 24. Bb2 fxe5 25. fxe5 Nb4 26. Red1 Nc6 27. Rd3
g6 28. Re1 Bg7 29. Re2 Bh8 30. Rde3 Nd4 31. Bxd4 cxd4 32. Re4 d3 33. Rd2 Rxe5
34. Rxe5 Bxe5 35. Rxd3 Kg7 36. Re3 Bd6 37. Re6 Kf7 38. Rf6+ Kg7 39. g4 h6 40.
a4 Rd7 41. Re6 Kf7 42. Re1 Kf8 43. Rf1+ Kg7 44. Ra1 a5 45. Re1 Bc5 46. Re6 Rf7
47. Nxb6 Rf2+ 48. Kg3 Rb2 49. Nd7 Rxb3+ 50. Kf4 Bg1 51. Re7+ Kg8 52. Ne5 Rb4
53. Ke4 Rxa4 54. Re6 Ra1 55. Rxg6+ Kh7 56. Ra6 a4 57. Nf3 Bc5 58. g5 Bf8 59.
gxh6 Bxh6 60. Ra7+ Kg6 61. c5 Rc1 62. Rxa4 1/2-1/2

[Event "N֖ Landesliga 2015/16"]
[Site "?"]
[Date "2015.11.08"]
[Round "3.1"]
[White "Rumpl, Erwin"]
[Black "Ehs, Dominik"]
[Result "1-0"]
[WhiteElo "2351"]
[BlackElo "2061"]
[PlyCount "69"]
[EventDate "2015.09.27"]

1. Nf3 Nf6 2. g3 g6 3. b3 Bg7 4. Bb2 O-O 5. Bg2 d6 6. d4 Nc6 7. O-O e5 8. dxe5
Nd7 9. Nc3 dxe5 10. Nd2 Nd4 11. Nc4 Nb6 12. Na5 Qe7 13. e3 Ne6 14. Nxb7 Ng5 15.
Nd5 Nxd5 16. Qxd5 c6 17. Qxc6 e4 18. Bxg7 Kxg7 19. Nd6 Bh3 20. Bxh3 Nxh3+ 21.
Kg2 Qe6 22. Qxe4 Qxd6 23. Kxh3 Qc7 24. c4 Rfe8 25. Qf3 a5 26. Rad1 Ra6 27. Rd4
Re5 28. Kg2 Rh5 29. Rfd1 Qc8 30. h4 Rf6 31. Rf4 Rxf4 32. exf4 a4 33. Rd5 Rxd5
34. Qxd5 axb3 35. axb3 1-0

[Event "N֖ Landesliga 2015/16"]
[Site "?"]
[Date "2015.11.08"]
[Round "3.1"]
[White "Poell, Markus"]
[Black "Wadsack, Wolfgang"]
[Result "1-0"]
[WhiteElo "2101"]
[BlackElo "2153"]
[PlyCount "111"]
[EventDate "2015.09.27"]

1. e4 d5 2. exd5 Nf6 3. c4 c6 4. dxc6 Nxc6 5. Be2 e5 6. d3 Bf5 7. Nc3 Bb4 8. a3
Bxc3+ 9. bxc3 Qd7 10. Ra2 Rd8 11. Rd2 O-O 12. Nf3 Qc7 13. Nh4 Bc8 14. g4 Rfe8
15. g5 Nd7 16. Nf5 Nf8 17. Ne3 Ng6 18. Nd5 Qd6 19. Bf3 Nce7 20. O-O Nxd5 21.
cxd5 Nf4 22. c4 Bh3 23. Re1 Qg6 24. Kh1 Qxg5 25. Rg1 Qh4 26. Rg3 b6 27. Qg1 g6
28. Rd1 Bf5 29. Bg4 Bxg4 30. Rxg4 Qf6 31. Be3 Rd7 32. Qf1 Qd6 33. d4 Nh5 34.
Qh3 Ng7 35. dxe5 Rxe5 36. Bf4 h5 37. Rgg1 Rde7 38. Bxe5 Rxe5 39. Qc3 Rf5 40.
Qg3 Qd7 41. Rge1 h4 42. Qxh4 Rh5 43. Qg3 Rh3 44. Qe5 Rxa3 45. d6 Ne6 46. Qf6
Qc6+ 47. Kg1 Rf3 48. Qe5 Qd7 49. Qb5 Qd8 50. d7 Rf5 51. Qc6 Kh7 52. Re3 Nf4 53.
Re8 Qg5+ 54. Kf1 Nh3 55. Rh8+ Kg7 56. Rxh3 1-0

[Event "N֖ Landesliga 2015/16"]
[Site "?"]
[Date "2015.11.08"]
[Round "3.1"]
[White "Wadsack, Winfried"]
[Black "Steiner, Heinz"]
[Result "0-1"]
[WhiteElo "2137"]
[BlackElo "2125"]
[PlyCount "72"]
[EventDate "2015.09.27"]

1. e4 c5 2. c3 d6 3. d4 Nf6 4. dxc5 Nc6 5. f3 d5 6. exd5 Nxd5 7. Bc4 e6 8. Bxd5
exd5 9. Be3 Be7 10. Ne2 O-O 11. O-O Ne5 12. Bd4 Ng6 13. b4 b6 14. cxb6 axb6 15.
a4 Ba6 16. Nd2 Bd3 17. Nb3 Bc4 18. Rf2 Re8 19. Nd2 Bd3 20. Nc1 Ba6 21. a5 bxa5
22. Rxa5 Bd6 23. g3 Bc7 24. Ra1 Qg5 25. Rg2 Qf5 26. Ncb3 Ne5 27. Nc5 Bb5 28. f4
Nc6 29. Ndb3 Rxa1 30. Qxa1 Qg4 31. Qc1 h5 32. h4 Be2 33. Kh2 g5 34. hxg5 h4 35.
Be3 Qf3 36. Bf2 h3 0-1

[Event "N֖ Landesliga 2015/16"]
[Site "?"]
[Date "2015.11.08"]
[Round "3.2"]
[White "Matt, Fabian"]
[Black "Vrana, Frantisek"]
[Result "1-0"]
[WhiteElo "2258"]
[BlackElo "2228"]
[PlyCount "75"]
[EventDate "2015.09.27"]

1. Nf3 g6 2. e4 c6 3. d4 d5 4. Nc3 dxe4 5. Nxe4 Bg4 6. c3 Qd5 7. Ned2 Bh6 8.
Be2 Nd7 9. O-O Nb6 10. a4 a5 11. c4 Qd8 12. Qb3 Bc8 13. Re1 Nf6 14. Ne4 Bxc1
15. Nxf6+ exf6 16. Bf1+ Kf8 17. Raxc1 Kg7 18. c5 Nd5 19. Bc4 Bg4 20. Nd2 Qd7
21. Bxd5 cxd5 22. Nb1 Rhc8 23. Nc3 Be6 24. Nb5 Rc6 25. Re3 b6 26. Rec3 bxc5 27.
Rxc5 Rb6 28. Qc3 h5 29. Rc7 Qd8 30. Qc5 Raa6 31. h3 f5 32. Qc3 Bd7 33. Qc5 Be6
34. Qa3 Qg5 35. Rc8 Bxc8 36. Rxc8 Qd2 37. Qf8+ Kf6 38. Qd8+ 1-0

[Event "N֖ Landesliga 2015/16"]
[Site "?"]
[Date "2015.11.08"]
[Round "3.2"]
[White "Hofmann, Thomas"]
[Black "Reinwald, Patrick"]
[Result "1-0"]
[WhiteElo "2223"]
[BlackElo "2231"]
[PlyCount "77"]
[EventDate "2015.09.27"]

1. e4 e5 2. Nf3 Nc6 3. Bc4 Nf6 4. Ng5 d5 5. exd5 Na5 6. Bb5+ c6 7. dxc6 bxc6 8.
Qf3 Rb8 9. Bd3 h6 10. Ne4 Nd5 11. b3 Nf4 12. Bb2 Nxd3+ 13. Qxd3 Qxd3 14. cxd3
f6 15. f3 Bf5 16. Ke2 Rd8 17. Rc1 Kf7 18. Na3 Bg6 19. Nc4 Nb7 20. Ba3 Be7 21.
Bxe7 Kxe7 22. Rc3 Rd7 23. b4 Rhd8 24. Rac1 Rb8 25. a3 Rbd8 26. g4 Bh7 27. R1c2
Bg8 28. Ne3 a5 29. Rxc6 axb4 30. axb4 Rxd3 31. Rc7+ R3d7 32. Nf5+ Kf8 33. b5
Bb3 34. Rxd7 Rxd7 35. Rc8+ Kf7 36. b6 g6 37. Rc7 Ke6 38. Ng7+ Ke7 39. Ne8 1-0

[Event "N֖ Landesliga 2015/16"]
[Site "?"]
[Date "2015.11.08"]
[Round "3.2"]
[White "Schmidrathner, Christian"]
[Black "Hajek, Oskar"]
[Result "0-1"]
[WhiteElo "2093"]
[BlackElo "2060"]
[PlyCount "84"]
[EventDate "2015.09.27"]

1. e4 d6 2. d4 Nf6 3. Nc3 e5 4. dxe5 dxe5 5. Qxd8+ Kxd8 6. Bc4 Be6 7. Bxe6 fxe6
8. Nge2 Bc5 9. f3 Ke7 10. Bd2 Nc6 11. O-O-O a6 12. Kb1 b5 13. Nc1 Rhb8 14. Nd3
Ba7 15. Bg5 Ke8 16. f4 b4 17. Bxf6 gxf6 18. Ne2 exf4 19. Ndxf4 Ke7 20. Rd3 Ne5
21. Rh3 Rh8 22. Rd1 Ng4 23. Nd3 Rad8 24. Nef4 c5 25. Rg3 Rhg8 26. h3 Nh6 27.
Rxg8 Nxg8 28. Re1 Rd4 29. g4 Nh6 30. e5 f5 31. g5 Nf7 32. g6 hxg6 33. Nxg6+ Kd7
34. h4 Rg4 35. Ndf4 Bb8 36. b3 Nxe5 37. Rxe5 Rxf4 38. Re1 Rg4 39. h5 Rg5 40.
Rh1 f4 41. Nh8 f3 42. Rf1 f2 0-1

[Event "N֖ Landesliga 2015/16"]
[Site "?"]
[Date "2015.11.08"]
[Round "3.2"]
[White "Teuber, Andreas"]
[Black "Sulzgruber, Robin"]
[Result "1/2-1/2"]
[WhiteElo "2208"]
[BlackElo "2241"]
[PlyCount "59"]
[EventDate "2015.09.27"]

1. d4 Nf6 2. Nf3 g6 3. Bg5 Bg7 4. Nbd2 d5 5. e3 c5 6. c3 b6 7. Be2 O-O 8. b4
Bg4 9. O-O cxd4 10. cxd4 Nc6 11. a3 h6 12. Bxf6 Bxf6 13. Qa4 Bd7 14. Bb5 Nb8
15. Rfc1 Bxb5 16. Qxb5 a6 17. Qd3 Nd7 18. Ra2 Qb8 19. Rac2 b5 20. e4 Nb6 21.
exd5 Nxd5 22. Ne4 Bg7 23. Nc5 Rd8 24. Qe4 Qf4 25. Qxf4 Nxf4 26. g3 Nd5 27. Ne5
Nb6 28. Nc6 Rd6 29. Nb7 Rd7 30. Nc5 1/2-1/2

[Event "N֖ Landesliga 2015/16"]
[Site "?"]
[Date "2015.11.08"]
[Round "3.3"]
[White "Jovanovic, Dusan"]
[Black "Gr�tz, Harald"]
[Result "1-0"]
[WhiteElo "2373"]
[BlackElo "2279"]
[PlyCount "99"]
[EventDate "2015.09.27"]

1. Nf3 Nf6 2. c4 g6 3. Nc3 Bg7 4. e4 d6 5. d4 O-O 6. Be2 e5 7. O-O Na6 8. Be3
Ng4 9. Bg5 f6 10. Bh4 h5 11. h3 Nh6 12. c5 exd4 13. Bxa6 dxc3 14. Bc4+ Kh7 15.
bxc3 dxc5 16. Qb3 c6 17. a4 Qb6 18. Qa3 Qa5 19. Rad1 Re8 20. Rfe1 g5 21. Bg3 g4
22. Nd2 Bf8 23. e5 f5 24. Qa2 Qxc3 25. Bf7 Re7 26. Bxh5 Be6 27. Qb1 Rd8 28. Ne4
Rxd1 29. Nf6+ Kg7 30. Rxd1 gxh3 31. gxh3 Nf7 32. Bxf7 Kxf7 33. Rd3 Qc4 34. Qd1
Bh6 35. Qh5+ Kg7 36. Rd6 Qc1+ 37. Kh2 Qg5 38. Qf3 Bf7 39. h4 Qg6 40. Ne8+ Bxe8
41. Rxg6+ Bxg6 42. h5 Bh7 43. Bh4 Rd7 44. e6 Rd4 45. Qg3+ Rg4 46. Qc7+ Kh8 47.
Bf6+ Bg7 48. Qxg7+ Rxg7 49. e7 Bg6 50. hxg6 1-0

[Event "N֖ Landesliga 2015/16"]
[Site "?"]
[Date "2015.11.08"]
[Round "3.3"]
[White "Batyte, Daiva"]
[Black "Plachetka, Jan"]
[Result "0-1"]
[WhiteElo "2072"]
[BlackElo "2371"]
[PlyCount "86"]
[EventDate "2015.09.27"]

1. c4 e6 2. Nc3 d5 3. cxd5 exd5 4. d4 c6 5. Nf3 Bf5 6. e3 Nf6 7. Bd3 Bxd3 8.
Qxd3 Bd6 9. Ne5 Nbd7 10. f4 Qe7 11. O-O Nb6 12. b3 Bb4 13. a4 a5 14. Bb2 O-O
15. h3 Rfe8 16. Kh2 Bxc3 17. Bxc3 Ne4 18. Be1 f6 19. Nf3 Nd6 20. Bd2 Qe4 21.
Qc3 Nbc8 22. Rae1 Qg6 23. g4 Ne4 24. Qc2 Ng3 25. f5 Nxf1+ 26. Rxf1 Qf7 27. g5
Nd6 28. g6 Qc7 29. gxh7+ Kxh7 30. Kg2 Re4 31. Nh2 Kg8 32. Qd1 Rae8 33. Ng4 R4e7
34. Qe1 b6 35. Qh4 Ne4 36. Be1 c5 37. Kh1 cxd4 38. exd4 Qc2 39. Qh5 Rc8 40. Bh4
Qd3 41. Kg1 Qxh3 42. Re1 Rc2 43. Ne3 Qh2+ 0-1

[Event "N֖ Landesliga 2015/16"]
[Site "?"]
[Date "2015.11.08"]
[Round "3.3"]
[White "Lechner, Daniel"]
[Black "Schmid, Thomas"]
[Result "1-0"]
[WhiteElo "2232"]
[BlackElo "2114"]
[PlyCount "53"]
[EventDate "2015.09.27"]

1. d4 Nf6 2. c4 g6 3. Nc3 Bg7 4. e4 d6 5. Nf3 O-O 6. h3 Na6 7. Be3 e5 8. d5 Nd7
9. g4 f5 10. gxf5 gxf5 11. Rg1 Kh8 12. Ng5 Nf6 13. Qe2 h6 14. Nf3 fxe4 15. Nh4
Kh7 16. Bg2 Nc5 17. Bxc5 dxc5 18. Nxe4 Nxe4 19. Bxe4+ Kg8 20. Ng6 Rf6 21. O-O-O
Bf5 22. f3 Qd6 23. Bxf5 Rxf5 24. Qe4 Rf6 25. Rg3 Re8 26. Rdg1 Rf7 27. f4 1-0

[Event "N֖ Landesliga 2015/16"]
[Site "?"]
[Date "2015.11.08"]
[Round "3.3"]
[White "Schirmbeck, Hannes"]
[Black "Lampl, Gerald"]
[Result "1-0"]
[WhiteElo "2128"]
[BlackElo "2118"]
[PlyCount "97"]
[EventDate "2015.09.27"]

1. Nf3 Nf6 2. g3 c5 3. Bg2 e6 4. d3 Be7 5. e4 d6 6. O-O O-O 7. Ng5 d5 8. Nc3 h6
9. Nh3 Nc6 10. Re1 d4 11. Ne2 Rb8 12. Nef4 e5 13. Nd5 Nxd5 14. exd5 Bxh3 15.
dxc6 Bxg2 16. Kxg2 Bd6 17. cxb7 Rxb7 18. Qf3 Qc8 19. b3 Kh7 20. a4 f5 21. Qd5
Rf6 22. f4 exf4 23. Bxf4 Bxf4 24. gxf4 Rd7 25. Qf3 Qc7 26. Re5 g6 27. Rae1 Kg7
28. Kg1 Rc6 29. Qg2 Kf7 30. Qe2 a6 31. Kg2 Qd8 32. Kg3 Qf6 33. Rxc5 Re6 34.
Qxe6+ Qxe6 35. Rxe6 Kxe6 36. Rc6+ Kd5 37. Rxa6 Rc7 38. Rxg6 Rxc2 39. Rf6 Rd2
40. Rxf5+ Ke6 41. Re5+ Kf6 42. b4 Rxd3+ 43. Kf2 Rh3 44. Rd5 d3 45. a5 Ke6 46.
Rd8 Rxh2+ 47. Ke3 Rb2 48. a6 d2 49. Ke2 1-0

[Event "N� Landesliga 2015/2016 (3.4)"]
[Site "?"]
[Date "2015.11.08"]
[Round "3"]
[White "Zwettler, Martin"]
[Black "Kleiser, Gregor"]
[Result "1/2-1/2"]
[WhiteElo "2226"]
[BlackElo "2239"]
[PlyCount "107"]
[EventDate "2015.??.??"]
[SourceDate "2015.11.08"]

1. c4 c6 2. Nf3 d5 3. e3 Nf6 4. d4 Bf5 5. cxd5 cxd5 6. Qb3 Qb6 7. Qxb6 axb6 8.
Nc3 e6 9. Bb5+ Nfd7 10. Ne5 Bd6 11. Nxd7 Nxd7 12. Bd2 Ra5 13. Ke2 Ke7 14. a4
Rha8 15. Rhc1 Nb8 16. Bd3 Bxd3+ 17. Kxd3 Nc6 18. b3 Ba3 19. Rcb1 Bb4 20. Rc1
Rc8 21. Nb5 Bxd2 22. Kxd2 Raa8 23. Rc3 Nb4 24. Rac1 Rc6 25. f3 Kd7 26. Ra1 Rac8
27. Rxc6 bxc6 28. Na3 Ra8 29. Nc2 Na6 30. b4 Kd6 31. Kc3 Nc7 32. Ne1 c5 33.
dxc5+ bxc5 34. bxc5+ Kxc5 35. Nd3+ Kd6 36. a5 f6 37. e4 e5 38. Nb4 Nb5+ 39. Kb3
d4 40. Nd5 Na7 41. Nb6 Rb8 42. Ka4 Rb7 43. Rc1 g6 44. Nc4+ Ke6 45. Nb6 f5 46.
Rc5 fxe4 47. fxe4 Kd6 48. Rd5+ Ke6 49. Nc4 Rc7 50. Kb4 Nc6+ 51. Kb5 Na7+ 52.
Kb4 Nc6+ 53. Kb5 Na7+ 54. Kb4 1/2-1/2

[Event "N� Landesliga 2015/2016 (3.4)"]
[Site "?"]
[Date "2015.11.08"]
[Round "3"]
[White "W�ber, Friedrich"]
[Black "Lipp, Alfred"]
[Result "1-0"]
[WhiteElo "2117"]
[BlackElo "2120"]
[PlyCount "88"]
[EventDate "2015.??.??"]

1. e4 c5 2. d4 cxd4 3. c3 Nf6 4. e5 Nd5 5. Nf3 Nc6 6. Bc4 Nb6 7. Bb3 e6 8. cxd4
Be7 9. O-O O-O 10. Nc3 d6 11. Qe2 dxe5 12. dxe5 Nd7 13. Bf4 Qa5 14. Rfe1 a6 15.
Rad1 Rd8 16. Bc2 Nf8 17. Rxd8 Bxd8 18. a3 Bc7 19. h4 Bd7 20. h5 Be8 21. Bc1 Bb8
22. h6 g6 23. Ne4 Nd7 24. b4 Qd8 25. Bg5 Qc8 26. Nd6 Bxd6 27. exd6 f6 28. Bb3
Bf7 29. Bxe6 Qe8 30. Bxf7+ Qxf7 31. Bc1 Nf8 32. Bb2 Rd8 33. Rd1 g5 34. b5 axb5
35. Qxb5 Ng6 36. Qf5 Rf8 37. d7 Nf4 38. Rd2 Qh5 39. Bxf6 Qxh6 40. Qxg5+ Qxg5
41. Bxg5 Ne6 42. Be3 Rf5 43. Nd4 Nexd4 44. Bxd4 Rc5 1-0

[Event "N� Landesliga 2015/2016 (3.4)"]
[Site "?"]
[Date "2015.11.08"]
[Round "3"]
[White "Vykydal, Frantisek"]
[Black "Winiwarter, Felix"]
[Result "0-1"]
[WhiteElo "2171"]
[BlackElo "2091"]
[PlyCount "104"]
[EventDate "2015.??.??"]

1. e4 c5 2. Nc3 Nc6 3. g3 g6 4. Bg2 Bg7 5. d3 e6 6. Be3 d6 7. Qd2 a6 8. a4 Nd4
9. Nge2 Ne7 10. Nc1 Nec6 11. Nd1 Ne5 12. Bxd4 cxd4 13. h3 O-O 14. Ne2 Nc6 15.
f4 e5 16. O-O f5 17. Nf2 Qe7 18. Rae1 Bd7 19. c3 dxc3 20. bxc3 Rae8 21. d4 Qd8
22. dxe5 dxe5 23. Rd1 Be6 24. exf5 gxf5 25. fxe5 Bxe5 26. Qc1 Qa5 27. Nd4 Bc4
28. Nxc6 bxc6 29. Bxc6 Re6 30. Bg2 Bxg3 31. Nd3 f4 32. Rf3 Rfe8 33. Nxf4 Re1+
34. Bf1 Qg5 35. Kh1 Bxf1 36. Rxf1 Rxd1 37. Qxd1 Bxf4 38. Qf3 Re3 39. Qa8+ Kg7
40. Qb7+ Kh6 41. Qd7 Qg3 42. Qc6+ Bd6 43. Qg2 Qxh3+ 44. Qxh3+ Rxh3+ 45. Kg2
Rg3+ 46. Kh1 Kg5 47. Rd1 Bf4 48. Rd7 h5 49. Ra7 Rg1+ 50. Kxg1 Be3+ 51. Kg2 Bxa7
52. Kh3 Kf5 0-1

[Event "N� Landesliga 2015/2016 (3.4)"]
[Site "?"]
[Date "2015.11.08"]
[Round "3"]
[White "Wasl, Ernst"]
[Black "Mlynek, Petr"]
[Result "0-1"]
[WhiteElo "2023"]
[BlackElo "2171"]
[PlyCount "80"]
[EventDate "2015.??.??"]

1. d4 f5 2. g3 Nf6 3. Bg2 g6 4. Nh3 Bg7 5. Nf4 O-O 6. h4 d6 7. d5 c6 8. c4 Qe8
9. Nc3 e5 10. dxe6 Bxe6 11. Qxd6 Bxc4 12. Be3 Na6 13. O-O-O Ng4 14. Qd7 Nxe3
15. Qxe8 Raxe8 16. fxe3 Rxe3 17. Kd2 Rxg3 18. Rdf1 Nc5 19. Rh3 Rxh3 20. Nxh3
Rd8+ 21. Kc2 Bxc3 22. Kxc3 Bxe2 23. Re1 Bd3 24. Re7 Be4 25. Bf1 Rd7 26. Re8+
Kf7 27. Rh8 Kf6 28. Rf8+ Kg7 29. Ra8 Bd3 30. Bg2 Ne4+ 31. Kb4 b6 32. a4 a5+ 33.
Ka3 Bc4 34. Nf4 Nd2 35. b3 Nxb3 36. Bxc6 Rd4 37. Ra7+ Kf6 38. Bd5 Rxf4 39. Bxc4
Rxc4 40. Kxb3 Rxh4 0-1

[Event "N֖ Landesliga 2015/16 Baden- Litschau"]
[Site "Baden"]
[Date "2015.11.08"]
[Round "3"]
[White "Wagner, Stefan"]
[Black "Lendwai, Reinhard"]
[Result "0-1"]
[WhiteElo "2146"]
[BlackElo "2348"]
[PlyCount "116"]
[EventDate "2015.??.??"]

1. b4 c6 2. Bb2 Qb6 3. a3 a5 4. Nf3 axb4 5. Bd4 Qc7 6. axb4 Rxa1 7. Bxa1 d6 8.
e3 e5 9. c4 Nf6 10. Nc3 Be7 11. d3 d5 12. Qb3 Qb6 13. Nxe5 Qxb4 14. Qxb4 Bxb4
15. Kd1 dxc4 16. dxc4 O-O 17. Bd3 Re8 18. Nf3 Nbd7 19. Ke2 Nc5 20. Bc2 Be6 21.
Nd2 Nfd7 22. Rb1 Ba5 23. Nce4 Nxe4 24. Bxe4 Bxd2 25. Kxd2 Bxc4 26. Bf3 Ba6 27.
Bd4 Rd8 28. Kc2 h6 29. Rb2 Re8 30. h3 Ne5 31. Bxe5 Rxe5 32. Kc3 Kf8 33. Kd4 Ra5
34. g3 Ke7 35. h4 Kd6 36. g4 f6 37. Ke4 Re5+ 38. Kf4 Rb5 39. Rd2+ Ke6 40. Be4
Ke7 41. Bf5 Rd5 42. Rxd5 cxd5 43. g5 hxg5+ 44. hxg5 Bc4 45. Bb1 Ke6 46. Bf5+
Ke7 47. Bb1 b5 48. Kf5 Kf7 49. Kf4 b4 50. Kf5 b3 51. Kf4 Be2 52. gxf6 gxf6 53.
e4 d4 54. e5 fxe5+ 55. Ke4 Bh5 56. Kxe5 Bg6 57. Kxd4 Bxb1 58. Kc3 Bc2 0-1